Normal view MARC view
  • Charland, William

Entry Personal Name

Number of records used in: 2

001 - CONTROL NUMBER

  • control field: 3109

003 - CONTROL NUMBER IDENTIFIER

  • control field: OSt

005 - DATE AND TIME OF LATEST TRANSACTION

  • control field: 20160628154300.0

008 - FIXED-LENGTH DATA ELEMENTS

  • fixed length control field: 160628|| aca||aabn | a|a d

040 ## - CATALOGING SOURCE

  • Original cataloging agency: OSt
  • Transcribing agency: OSt

100 ## - HEADING--PERSONAL NAME

  • Personal name: Charland, William

670 ## - SOURCE DATA FOUND

  • Source citation: Work cat.: (OSt): Charland, William, Chaaning Careers, 1999